Liedtext - Ich will brennen - ASP - Statistiken

Allgemein
  • Dieses Quiz wurde 6 mal gespielt
  • Das Durchschnittsergebnis liegt bei 244 aus 322
Antwortstatistiken
Antwort % Korrekt
brennen
100%
das
100%
Dass
100%
den
100%
ich
100%
Ich
100%
im
100%
in
100%
ist
100%
mir
100%
Mit
100%
mit
100%
nicht
100%
Nur
100%
nur
100%
stehen
100%
will
100%
Will
100%
wir
100%
zu
100%
an
83%
Asche
83%
dem
83%
der
83%
die
83%
du
83%
Es
83%
es
83%
Feuer
83%
Flammen
83%
Heißes
83%
kann's
83%
Komm
83%
nah
83%
so
83%
Sonst
83%
sonst
83%
und
83%
Und
83%
uns
83%
von
83%
wenn
83%
zum
83%
Atemzug
67%
Auch
67%
auch
67%
beide
67%
danach
67%
deine
67%
dich
67%
dies
67%
dieser
67%
einmal
67%
geschehen
67%
Glut
67%
Himmel
67%
kalte
67%
keinen
67%
lang
67%
letzten
67%
Licht
67%
lichterloh
67%
mein
67%
meinem
67%
meinen
67%
mich
67%
morgen
67%
Nacht
67%
noch
67%
Selbst
67%
selbst
67%
übrig
67%
Viel
67%
allein
50%
aus
50%
Blut
50%
Fass'
50%
ganz
50%
hat
50%
hielt
50%
Himmelsflug
50%
Hitze
50%
Leben
50%
los
50%
Namen
50%
oft
50%
passieren
50%
Schon
50%
schon
50%
schweben
50%
Seele
50%
sein
50%
vergisst
50%
verlieren
50%
weg
50%
Weil
50%
weil
50%
wie
50%
zur
50%
Zweck
50%
Angst
33%
befreien
33%
Berühr'
33%
bestimm'
33%
Bleib'
33%
dringt
33%
eigenes
33%
fern
33%
fliegen
33%
Furcht
33%
gehört
33%
Krallen
33%
lass
33%
lieber
33%
ließ
33%
reißt
33%
Strom
33%
Supernova
33%
tobt
33%
überspringt
33%
Wunsch
33%
beherrschte
17%
denn
17%
erneuert
17%
euch
17%
Fallen
17%
Fieber
17%
hoch
17%
Phönix
17%
schreien
17%
Sonne
17%
verbiegen
17%
vorm
17%
wollte
0%
Keine übereinstimmenden Quizze gefunden
Verteilung der Resultate
Anzahl Personen mit jedem Resultat
Perzentil nach korrekt beantworteten Fragen
Ihre Resultats-Entwicklung
Sie haben dieses Quiz noch nicht gespielt